Volleyball : (Record no. 9293)
[ view plain ]
| 000 -LEADER | |
|---|---|
| fixed length control field | 01146cam a22003254a 4500 |
| 001 - CONTROL NUMBER | |
| control field | 13401226 |
| 003 - CONTROL NUMBER IDENTIFIER | |
| control field | OSt |
| 005 - DATE AND TIME OF LATEST TRANSACTION | |
| control field | 20140310182106.0 |
| 008 - FIXED-LENGTH DATA ELEMENTS--GENERAL INFORMATION | |
| fixed length control field | 031112s2005 nyua j b 001 0 eng |
| 010 ## - LIBRARY OF CONGRESS CONTROL NUMBER | |
| LC control number | 2003024887 |
| 020 ## - INTERNATIONAL STANDARD BOOK NUMBER | |
| International Standard Book Number | 1404201858 (library binding) |
| 040 ## - CATALOGING SOURCE | |
| Original cataloging agency | DLC |
| Transcribing agency | DLC |
| Modifying agency | DLC |
| 042 ## - AUTHENTICATION CODE | |
| Authentication code | pcc |
| -- | lcac |
| 050 00 - LIBRARY OF CONGRESS CALL NUMBER | |
| Classification number | GV 1015.34 |
| Item number | .G53 2005 |
| 082 00 - DEWEY DECIMAL CLASSIFICATION NUMBER | |
| Classification number | HS 796.325 |
| Item number | G36 2005 |
| 100 1# - MAIN ENTRY--PERSONAL NAME | |
| Personal name | Giddens, Sandra. |
| 9 (RLIN) | 13113 |
| 245 10 - TITLE STATEMENT | |
| Title | Volleyball : |
| Remainder of title | rules, tips, strategy, and safety / |
| Statement of responsibility, etc | Sandra Giddens and Owen Giddens |
| 250 ## - EDITION STATEMENT | |
| Edition statement | 1st ed. |
| 260 ## - PUBLICATION, DISTRIBUTION, ETC. (IMPRINT) | |
| Place of publication, distribution, etc | New York : |
| Name of publisher, distributor, etc | Rosen Central, |
| Date of publication, distribution, etc | c2005. |
| 300 ## - PHYSICAL DESCRIPTION | |
| Extent | 48 p. : |
| Other physical details | ill. (chiefly col.) ; |
| Dimensions | 26 cm. |
| 440 #0 - SERIES STATEMENT/ADDED ENTRY--TITLE | |
| Title | Sports from coast to coast |
| 9 (RLIN) | 13082 |
| 650 #0 - SUBJECT ADDED ENTRY--TOPICAL TERM | |
| Topical term or geographic name as entry element | Volleyball |
| Form subdivision | Juvenile literature. |
| 9 (RLIN) | 13114 |
| 650 #1 - SUBJECT ADDED ENTRY--TOPICAL TERM | |
| Topical term or geographic name as entry element | Volleyball. |
| 9 (RLIN) | 13115 |
| 700 1# - ADDED ENTRY--PERSONAL NAME | |
| Personal name | Giddens, Owen. |
| 9 (RLIN) | 13116 |
| 856 41 - ELECTRONIC LOCATION AND ACCESS | |
| Materials specified | Table of contents |
| Uniform Resource Identifier | <a href="http://www.loc.gov/catdir/toc/ecip0412/2003024887.html">http://www.loc.gov/catdir/toc/ecip0412/2003024887.html</a> |
| 906 ## - LOCAL DATA ELEMENT F, LDF (RLIN) | |
| a | 7 |
| b | cbc |
| c | orignew |
| d | 1 |
| e | ecip |
| f | 20 |
| g | y-gencatlg |
| 942 ## - ADDED ENTRY ELEMENTS (KOHA) | |
| Source of classification or shelving scheme | Library of Congress Classification |
| Koha item type | |
| Withdrawn status | Lost status | Source of classification or shelving scheme | Damaged status | Home library | Current library | Shelving location | Date acquired | Total Checkouts | Full call number | Barcode | Date last seen | Date checked out | Copy number | Price effective from | Koha item type |
|---|---|---|---|---|---|---|---|---|---|---|---|---|---|---|---|
| Library of Congress Classification | Luxembourg Library | Luxembourg Library | High School Section | 08/24/2013 | 1 | GV 1015.34 .G53 2005 | 17236 | 06/19/2019 | 10/07/2014 | 1 | 08/24/2013 | Books |